000 00241nam a22000977a 4500
040 _csy
100 _aង៉ោ ប៊ុនថាន
245 _aការអភិវឌ្ឍន៍គំរោង
260 _aRUA
_bឯក
_c2004
942 _cKB
999 _c8497
_d8497